লাল নীল দীপাবলি বা বাঙলা সাহিত্যের জীবনী / (Record no. 7193)
[ view plain ]
| 000 -LEADER | |
|---|---|
| fixed length control field | 01101nam a22002177a 4500 |
| 003 - CONTROL NUMBER IDENTIFIER | |
| control field | BUBTL |
| 008 - FIXED-LENGTH DATA ELEMENTS--GENERAL INFORMATION | |
| fixed length control field | 240124b ||||| |||| 00| 0 eng d |
| 020 ## - INTERNATIONAL STANDARD BOOK NUMBER | |
| International Standard Book Number | 9789840427437 |
| 041 ## - LANGUAGE CODE | |
| Language code of text/sound track or separate title | ben |
| 082 ## - DEWEY DECIMAL CLASSIFICATION NUMBER | |
| Classification number | 891.44/ Az11l/ 1992 |
| 100 ## - MAIN ENTRY--PERSONAL NAME | |
| 9 (RLIN) | 2272 |
| Personal name | আজাদ, হুমায়ুন |
| 245 ## - TITLE STATEMENT | |
| Title | লাল নীল দীপাবলি বা বাঙলা সাহিত্যের জীবনী / |
| Statement of responsibility, etc. | হুমায়ুন আজাদ |
| 250 ## - EDITION STATEMENT | |
| Edition statement | 2nd ed. |
| 260 ## - PUBLICATION, DISTRIBUTION, ETC. (IMPRINT) | |
| Place of publication, distribution, etc. | ঢাকা : |
| Name of publisher, distributor, etc. | আগামী প্রকাশনী, |
| Date of publication, distribution, etc. | c1992 |
| 300 ## - PHYSICAL DESCRIPTION | |
| Extent | 143 p. : |
| Dimensions | 22 cm. |
| 505 ## - FORMATTED CONTENTS NOTE | |
| Formatted contents note | লাল নীল দীপাবলি বা বাঙলা সাহিত্যের জীবনী, হুমায়ুন আজাদ, বাংলা সাহিত্য, বাঙালি বাঙলা বাঙলাদেশ, বাঙলা সাহিত্যের তিন যুগ, চর্যাপদ |
| 650 #0 - SUBJECT ADDED ENTRY--TOPICAL TERM | |
| 9 (RLIN) | 1687 |
| Topical term or geographic name as entry element | বাংলা সাহিত্য |
| 856 ## - ELECTRONIC LOCATION AND ACCESS | |
| Password | 0 |
| Logon | 0 |
| Link text | Download |
| 942 ## - ADDED ENTRY ELEMENTS (KOHA) | |
| Source of classification or shelving scheme | |
| Koha item type | Books |
| Withdrawn status | Lost status | Source of classification or shelving scheme | Damaged status | Not for loan | Collection code | Permanent location | Current location | Shelving location | Date acquired | Source of acquisition | Inventory number | Total Checkouts | Full call number | Barcode | Date last seen | Date last checked out | Copy number | Price effective from | Koha item type | Total Renewals | Checked out |
|---|---|---|---|---|---|---|---|---|---|---|---|---|---|---|---|---|---|---|---|---|---|
| Non-fiction | Bangladesh University of Business and Technology Library | Bangladesh University of Business and Technology Library | Fiction | 01/24/2024 | Purchase | 30016 | 2 | 891.44/ Az11l/ 1992 | BUBTL-200330016 | 03/03/2024 | 02/14/2024 | C-1 | 01/24/2024 | Books | |||||||
| Not For Loan | Non-fiction | Bangladesh University of Business and Technology Library | Bangladesh University of Business and Technology Library | Fiction | 01/24/2024 | Purchase | 30017 | 891.44/ Az11l/ 1992 | BUBTL-200330017 | 01/24/2024 | C-1 | 01/24/2024 | Books | ||||||||
| Non-fiction | Bangladesh University of Business and Technology Library | Bangladesh University of Business and Technology Library | Fiction | 01/24/2024 | Purchase | 30018 | 891.44/ Az11l/ 1992 | BUBTL-200330018 | 01/24/2024 | C-3 | 01/24/2024 | Books | |||||||||
| Not For Loan | Non-fiction | Bangladesh University of Business and Technology Library | Bangladesh University of Business and Technology Library | Fiction | 01/24/2024 | Purchase | 30019 | 891.44/ Az11l/ 1992 | BUBTL-200330019 | 01/24/2024 | C-4 | 01/24/2024 | Books | ||||||||
| Non-fiction | Bangladesh University of Business and Technology Library | Bangladesh University of Business and Technology Library | Fiction | 01/24/2024 | Purchase | 30020 | 2 | 891.44/ Az11l/ 1992 | BUBTL-200330020 | 07/10/2024 | 07/10/2024 | C-1 | 01/24/2024 | Books | 1 | 07/17/2024 |
